[Event "NED-ch 1988"]
[Site "Hilversum"]
[Date "1988.??.??"]
[Round "?"]
[White "Kuijf, Rini"]
[Black "Bosboom, Manuel"]
[Result "1-0"]
[WhiteElo "2420"]
[BlackElo "2355"]
[PlyCount "109"]
[EventDate "1988.06.??"]
[Source "ChessBase"]
[SourceDate "1996.11.15"]

1. e4 c5 2. Ne2 e6 3. Nbc3 a6 4. d4 cxd4 5. Nxd4 Qc7 6. Be2 Nf6 7. O-O d6 8. f4
Be7 9. a4 Nc6 10. Be3 O-O 11. Qe1 Bd7 12. Qg3 Nxd4 13. Bxd4 Bc6 14. Bd3 g6 15.
f5 e5 16. Be3 Nh5 17. Qf2 Kh8 18. Kh1 Rac8 19. Bh6 Rg8 20. Qe2 Bf6 21. fxg6
hxg6 22. Bc4 Be8 23. Bb3 Qd8 24. Be3 Kg7 25. Nd5 Rh8 26. Kg1 Nf4 27. Rxf4 exf4
28. Bb6 Qxb6+ 29. Nxb6 Bd4+ 30. Kh1 Bxb6 31. Qg4 Rc6 32. Qxf4 Bd4 33. h3 Bxb2
34. Rf1 Be5 35. Qf2 Rf8 36. Qa7 b5 37. a5 b4 38. Ba4 Rc8 39. Bxe8 Rcxe8 40.
Qxa6 Re7 41. Qc4 Ra7 42. Qxb4 Rfa8 43. Qc4 f6 44. g4 Rxa5 45. Qc7+ Kg8 46. h4
Rc5 47. Qb7 Ra3 48. Rb1 Rh3+ 49. Kg1 Rxh4 50. c4 Rxg4+ 51. Kf2 f5 52. Qe7 Rf4+
53. Kg2 Rg4+ 54. Kh1 Bg7 55. Rb7 1-0

[Event "NED-ch 1988"]
[Site "Hilversum"]
[Date "1988.??.??"]
[Round "?"]
[White "Kuijf, Rini"]
[Black "De Boer, Gert Jan"]
[Result "1/2-1/2"]
[WhiteElo "2420"]
[BlackElo "2390"]
[PlyCount "42"]
[EventDate "1988.06.??"]
[Source "ChessBase"]
[SourceDate "1996.11.15"]

1. e4 c6 2. d4 d5 3. exd5 cxd5 4. c4 Nf6 5. Nc3 e6 6. Nf3 Bb4 7. Bd3 dxc4 8.
Bxc4 O-O 9. O-O Nbd7 10. Bf4 Nb6 11. Bd3 Bd7 12. Be5 Bc6 13. Ng5 Nbd7 14. Rc1
Bxc3 15. Rxc3 Nxe5 16. dxe5 Qd5 17. Nf3 Ne4 18. Bxe4 Qxe4 19. Re1 Rfd8 20. Qc1
Qf5 21. Qe3 Qg4 1/2-1/2

[Event "NED-ch 1988"]
[Site "Hilversum"]
[Date "1988.??.??"]
[Round "?"]
[White "Kuijf, Rini"]
[Black "Piket, Jeroen"]
[Result "1/2-1/2"]
[WhiteElo "2420"]
[BlackElo "2470"]
[PlyCount "89"]
[EventDate "1988.06.??"]
[Source "ChessBase"]
[SourceDate "1996.11.15"]

1. e4 e5 2. Nf3 Nc6 3. Bc4 Bc5 4. O-O Nf6 5. d3 d6 6. c3 a6 7. Nbd2 O-O 8. Bb3
b5 9. Re1 Ne7 10. d4 Bb6 11. dxe5 Ng4 12. Rf1 Nxe5 13. Nxe5 dxe5 14. Qh5 Bb7
15. Rd1 Qd6 16. Nc4 Bxf2+ 17. Kxf2 Qf6+ 18. Qf3 Qh4+ 19. Qg3 Qxg3+ 20. hxg3
bxc4 21. Bxc4 Rfd8 22. Bg5 Kf8 23. Be3 Ke8 24. Bc5 Ng8 25. Ke3 Nf6 26. Rf1 Bxe4
27. Rxf6 Bd5 28. Rf5 Bxc4 29. Rxe5+ Be6 30. Rh1 h6 31. Bd4 Kf8 32. Rc5 Rd7 33.
a3 f6 34. b4 Re8 35. Kf2 Bd5 36. Ra5 Bc4 37. Re1 Rxe1 38. Kxe1 Rd5 39. Rxd5
Bxd5 40. Kf2 h5 41. a4 Bc6 42. a5 Bd5 43. Bc5+ Ke8 44. Bd4 Ke7 45. Bc5+ 1/2-1/2

[Event "NED-ch 1988"]
[Site "Hilversum"]
[Date "1988.??.??"]
[Round "?"]
[White "Kuijf, Rini"]
[Black "Van der Sterren, Paul"]
[Result "1-0"]
[WhiteElo "2420"]
[BlackElo "2470"]
[PlyCount "95"]
[EventDate "1988.06.??"]
[Source "ChessBase"]
[SourceDate "1996.11.15"]

1. e4 e5 2. Nf3 Nc6 3. Bb5 a6 4. Ba4 Nf6 5. O-O Be7 6. Re1 b5 7. Bb3 d6 8. c3
O-O 9. h3 Nb8 10. d4 Nbd7 11. Nbd2 Bb7 12. Bc2 Re8 13. b3 Bf8 14. d5 c6 15. c4
Qc7 16. Nf1 cxd5 17. cxd5 Rec8 18. Ne3 g6 19. Bd2 Nc5 20. Rc1 Qd7 21. Nf1 a5
22. a3 Nh5 23. N3h2 Bg7 24. Qf3 Qe7 25. Ng4 Rf8 26. b4 axb4 27. axb4 Nxe4 28.
Nh6+ Kh8 29. Qxe4 f5 30. Qe2 Nf6 31. Bg5 Bxd5 32. Qxb5 Qe6 33. Ne3 Rab8 34. Qd3
Ne4 35. h4 Nxg5 36. hxg5 Be4 37. Qd2 Ba8 38. Red1 Bxh6 39. gxh6 f4 40. Nd5 f3
41. Ne3 Rb6 42. g3 Qh3 43. Bb3 Qxh6 44. Bd5 Bxd5 45. Qxd5 Rxb4 46. Qxd6 Re4 47.
Rc4 Rxe3 48. Rh4 1-0

[Event "NED-ch 1988"]
[Site "Hilversum"]
[Date "1988.??.??"]
[Round "?"]
[White "Kuijf, Rini"]
[Black "Vanheste, Jeroen"]
[Result "1/2-1/2"]
[WhiteElo "2420"]
[BlackElo "2370"]
[PlyCount "120"]
[EventDate "1988.06.??"]
[Source "ChessBase"]
[SourceDate "1996.11.15"]

1. e4 c5 2. Ne2 d6 3. Nbc3 Nf6 4. g3 g6 5. Bg2 Bg7 6. d3 O-O 7. Bg5 Nc6 8. Qd2
Re8 9. h3 Rb8 10. f4 Nd4 11. O-O Nd7 12. Nxd4 Bxd4+ 13. Kh2 Bg7 14. f5 b5 15.
Bh6 e6 16. Bxg7 Kxg7 17. d4 b4 18. Ne2 exf5 19. exf5 Ba6 20. Rae1 Bxe2 21. Rxe2
Rxe2 22. Qxe2 cxd4 23. Qc4 Ne5 24. Qxd4 Qb6 25. f6+ Kh8 26. Qd2 Nc4 27. Qh6 Rg8
28. Re1 Ne5 29. Qf4 Qc5 30. Re2 a5 31. Rd2 Re8 32. Qe4 h6 33. Qf4 Kh7 34. Bd5
a4 35. Qe4 Rb8 36. Kg2 a3 37. b3 Qc3 38. Qd4 Qb2 39. c4 Qc1 40. Be4 Re8 41.
Qxd6 Re6 42. Qd4 Rxf6 43. Rd1 Qg5 44. Re1 Re6 45. Rf1 Qe7 46. Bd5 Nc6 47. Qd3
Rf6 48. Rd1 Qe5 49. Rd2 Ne7 50. Re2 Qd6 51. Be4 Qc5 52. Qe3 Qc7 53. Qd4 Re6 54.
Rd2 h5 55. h4 Nc6 56. Qd5 Qe7 57. Bf3 Ne5 58. Be2 Nd7 59. Bf3 Ne5 60. Be2 Nd7
1/2-1/2

[Event "NED-ch 1988"]
[Site "Hilversum"]
[Date "1988.??.??"]
[Round "?"]
[White "Ligterink, Gert"]
[Black "Brenninkmeijer, Joris"]
[Result "1-0"]
[WhiteElo "2455"]
[BlackElo "2385"]
[PlyCount "63"]
[EventDate "1988.06.??"]
[Source "ChessBase"]
[SourceDate "1996.11.15"]

1. d4 Nf6 2. Nf3 e6 3. Bf4 d5 4. e3 Bd6 5. Bd3 c5 6. dxc5 Bxf4 7. exf4 Qa5+ 8.
Nbd2 Qxc5 9. O-O O-O 10. a3 b6 11. Qe2 Bb7 12. Ne5 Qd4 13. Qf3 Qxb2 14. Qe3 d4
15. Qh3 Qc3 16. Ndc4 Be4 17. Rab1 Bxd3 18. cxd3 Qc2 19. Rfc1 Qa4 20. Nd6 Na6
21. Rc4 Qa5 22. Ndxf7 Rxf7 23. Qxe6 Qd5 24. Rc8+ Rxc8 25. Qxc8+ Rf8 26. Qxa6
Nd7 27. Qxa7 Nxe5 28. fxe5 Qa2 29. Rf1 Qe2 30. Qxb6 Qxd3 31. Qe6+ Rf7 32. Qd5
1-0

[Event "NED-ch 1988"]
[Site "Hilversum"]
[Date "1988.??.??"]
[Round "?"]
[White "Ligterink, Gert"]
[Black "Cuijpers, Frans"]
[Result "1-0"]
[WhiteElo "2455"]
[BlackElo "2420"]
[PlyCount "103"]
[EventDate "1988.06.??"]
[Source "ChessBase"]
[SourceDate "1996.11.15"]

1. d4 d5 2. c4 c6 3. Nc3 Nf6 4. e3 a6 5. Nf3 b5 6. b3 Bg4 7. Be2 e6 8. Ne5 Bxe2
9. Qxe2 Bd6 10. Bb2 O-O 11. O-O Qc7 12. Rac1 Qb7 13. a4 b4 14. Nb1 Nbd7 15. Nd2
Rac8 16. Rfd1 Rfd8 17. Qf3 Bf8 18. Nd3 a5 19. Rc2 Qa6 20. Rdc1 Be7 21. g3 Qa8
22. Nf4 Bd6 23. e4 dxe4 24. Nxe4 Nxe4 25. Qxe4 Nf6 26. Qf3 Be7 27. Re2 Qb7 28.
Rce1 Rc7 29. Re5 Qa8 30. R5e3 Rcd7 31. Nd3 Rc7 32. h4 Ne8 33. Ne5 Bf6 34. Qf4
Qc8 35. g4 Ra7 36. g5 Bxe5 37. Rxe5 Nd6 38. d5 cxd5 39. cxd5 Rf8 40. h5 Rd7 41.
h6 Ne8 42. Qd4 Qc2 43. hxg7 Nxg7 44. R5e4 f6 45. gxf6 Rxd5 46. fxg7 Rff5 47.
Rc1 Rxd4 48. Rxc2 Rg5+ 49. Kf1 Rxe4 50. Rc8+ Kf7 51. Rf8+ Ke7 52. Bf6+ 1-0

[Event "NED-ch 1988"]
[Site "Hilversum"]
[Date "1988.??.??"]
[Round "?"]
[White "Ligterink, Gert"]
[Black "Douven, Rudy"]
[Result "0-1"]
[WhiteElo "2455"]
[BlackElo "2410"]
[PlyCount "70"]
[EventDate "1988.06.??"]
[Source "ChessBase"]
[SourceDate "1996.11.15"]

1. d4 Nf6 2. c4 g6 3. Nc3 Bg7 4. e4 d6 5. f4 O-O 6. Nf3 c5 7. Be2 cxd4 8. Nxd4
Nc6 9. Nc2 Nd7 10. O-O Nc5 11. Bf3 a5 12. Ne3 a4 13. Rb1 Nd4 14. Ne2 Nxf3+ 15.
gxf3 Bd7 16. Bd2 b5 17. Bc3 Bxc3 18. Nxc3 bxc4 19. Nxc4 Bc8 20. b4 axb3 21.
axb3 Ba6 22. Nd5 Bxc4 23. bxc4 e6 24. Ne3 Ra3 25. Qc1 Rd3 26. Rb5 Qf6 27. Nc2
Qc3 28. Nb4 Qd4+ 29. Kh1 Rc3 30. Qb1 Rc8 31. Rb6 Nb3 32. Nc6 Qxb6 33. Ne7+ Kf8
34. Nxc8 Qc5 35. Qe1 Rc1 0-1

[Event "NED-ch 1988"]
[Site "Hilversum"]
[Date "1988.??.??"]
[Round "?"]
[White "Ligterink, Gert"]
[Black "Kuijf, Rini"]
[Result "0-1"]
[WhiteElo "2455"]
[BlackElo "2420"]
[PlyCount "74"]
[EventDate "1988.06.??"]
[Source "ChessBase"]
[SourceDate "1996.11.15"]

1. d4 d5 2. c4 c6 3. Nf3 Nf6 4. Nc3 e6 5. Bg5 dxc4 6. e4 b5 7. e5 h6 8. Bh4 g5
9. exf6 gxh4 10. Ne5 Qxf6 11. a4 c5 12. Nxb5 cxd4 13. Nc7+ Kd8 14. Qxd4+ Nd7
15. O-O-O Kxc7 16. Qxc4+ Nc5 17. Qb5 Qf4+ 18. Rd2 Qxa4 19. Qxa4 Nxa4 20. Rc2+
Nc5 21. b4 Rg8 22. bxc5 Rg5 23. f4 Rf5 24. g3 f6 25. Ng6 Bb7 26. Nxf8 Bxh1 27.
Nxe6+ Kd7 28. Bh3 Rd5 29. c6+ Kd6 30. Ng7 Be4 31. Rc4 f5 32. c7 Rc8 33. Ne8+
Ke7 34. Rxe4+ fxe4 35. Bxc8 Rc5+ 36. Kb2 Kxe8 37. Bf5 e3 0-1

[Event "NED-ch 1988"]
[Site "Hilversum"]
[Date "1988.??.??"]
[Round "?"]
[White "Ligterink, Gert"]
[Black "Pieterse, Gert"]
[Result "0-1"]
[WhiteElo "2455"]
[BlackElo "2400"]
[PlyCount "90"]
[EventDate "1988.06.??"]
[Source "ChessBase"]
[SourceDate "1996.11.15"]

1. e4 c6 2. d3 g6 3. Nf3 Bg7 4. g3 e5 5. Bg2 d6 6. O-O Ne7 7. Nbd2 O-O 8. a4 h6
9. b4 Be6 10. Bb2 Qc7 11. d4 Nd7 12. c4 a5 13. b5 c5 14. dxe5 dxe5 15. Qe2 Rfe8
16. Ne1 Nf8 17. Nd3 Rad8 18. f4 Qd7 19. Ra3 exf4 20. Bxg7 Kxg7 21. gxf4 Qd4+
22. Kh1 Bxc4 23. Nxc4 Qxc4 24. Rc1 Qd4 25. Nxc5 b6 26. Nd3 Nd5 27. Qf3 Ne3 28.
Ne5 Nxg2 29. Qxg2 Ne6 30. Nc6 Qd1+ 31. Qg1 Qxg1+ 32. Rxg1 Rd2 33. f5 Nd4 34.
Nxd4 Rxd4 35. Rc3 Rdxe4 36. fxg6 fxg6 37. Rc6 R8e6 38. Rd1 Kf6 39. Rd7 Rxc6 40.
bxc6 Rxa4 41. Rb7 Ke6 42. Rxb6 Kd6 43. c7+ Kxc7 44. Rxg6 h5 45. Kg2 Rg4+ 0-1

[Event "NED-ch 1988"]
[Site "Hilversum"]
[Date "1988.??.??"]
[Round "?"]
[White "Pieterse, Gert"]
[Black "Bosboom, Manuel"]
[Result "1/2-1/2"]
[WhiteElo "2400"]
[BlackElo "2355"]
[PlyCount "71"]
[EventDate "1988.06.??"]
[Source "ChessBase"]
[SourceDate "1996.11.15"]

1. d4 Nf6 2. c4 g6 3. Nc3 Bg7 4. e4 d6 5. Nf3 O-O 6. Be3 Nbd7 7. Nd2 c5 8. d5
e6 9. Be2 exd5 10. cxd5 Re8 11. O-O a6 12. a4 Rb8 13. Qc2 Ne5 14. h3 h6 15. f4
Ned7 16. Rae1 Nh7 17. Bd3 Ndf8 18. Nf3 Qc7 19. Qf2 Bd7 20. e5 b5 21. axb5 axb5
22. exd6 Qxd6 23. Bxc5 Qxf4 24. Ne4 Ng5 25. Nfxg5 Qxf2+ 26. Rxf2 hxg5 27. Nf6+
Bxf6 28. Rxe8 Bxe8 29. Rxf6 Nd7 30. Bd4 Nxf6 31. Bxf6 Rb6 32. Bxg5 Rd6 33. Be4
f5 34. Bf3 Bf7 35. Be7 Rxd5 36. Bxd5 1/2-1/2

[Event "NED-ch 1988"]
[Site "Hilversum"]
[Date "1988.??.??"]
[Round "?"]
[White "Pieterse, Gert"]
[Black "Brenninkmeijer, Joris"]
[Result "0-1"]
[WhiteElo "2400"]
[BlackElo "2385"]
[PlyCount "122"]
[EventDate "1988.06.??"]
[Source "ChessBase"]
[SourceDate "1996.11.15"]

1. d4 d5 2. c4 c6 3. Nf3 Nf6 4. e3 Bf5 5. Nc3 e6 6. Be2 Nbd7 7. Nh4 Bg6 8. Bd2
Be7 9. g3 O-O 10. Nxg6 hxg6 11. Qc2 dxc4 12. Bxc4 c5 13. dxc5 Nxc5 14. O-O a6
15. Rfd1 b5 16. Be2 Rc8 17. Be1 Qb6 18. Rac1 Rc7 19. b4 Nce4 20. Qb1 Nd6 21.
Bf3 Rfc8 22. Ne2 Nd7 23. Rxc7 Rxc7 24. Bc3 Bf6 25. Bxf6 gxf6 26. Bg2 Ne5 27.
Nf4 Nf5 28. Qe4 Kg7 29. h3 Rc4 30. Qa8 Nd6 31. Bf1 Rxb4 32. h4 Ng4 33. h5 g5
34. h6+ Nxh6 35. Nh5+ Kg6 36. Qf8 Kxh5 37. Rxd6 Qc5 38. Be2+ Kg6 39. Bd3+ Kh5
40. Be2+ g4 41. Qd8 Rb2 42. Bd1 Qb4 43. Kf1 Qe4 44. Kg1 Qb4 45. Kf1 Qe4 46. Kg1
Qf5 47. Rd2 Rxd2 48. Qxd2 Qc5 49. f4 gxf3 50. Bxf3+ Kg6 51. Kf2 b4 52. Qd3+ Kg7
53. Qxa6 Nf5 54. Qe2 Qe5 55. g4 Qg3+ 56. Kf1 Nh4 57. Be4 e5 58. Bf5 Nxf5 59.
gxf5 Qh3+ 60. Qg2+ Qxg2+ 61. Kxg2 Kf8 0-1

[Event "NED-ch 1988"]
[Site "Hilversum"]
[Date "1988.??.??"]
[Round "?"]
[White "Pieterse, Gert"]
[Black "De Boer, Gert Jan"]
[Result "1/2-1/2"]
[WhiteElo "2400"]
[BlackElo "2390"]
[PlyCount "95"]
[EventDate "1988.06.??"]
[Source "ChessBase"]
[SourceDate "1996.11.15"]

1. d4 Nf6 2. c4 e6 3. Nc3 d5 4. cxd5 exd5 5. Bg5 Be7 6. e3 O-O 7. Bd3 Nbd7 8.
Nge2 Re8 9. Qc2 c6 10. O-O Nf8 11. Rab1 Be6 12. b4 a6 13. a4 N6d7 14. Bxe7 Qxe7
15. Nc1 Rac8 16. Nb3 h5 17. Nc5 Nxc5 18. bxc5 g6 19. e4 Rcd8 20. e5 Bc8 21. f4
f5 22. Qd2 Ne6 23. Bc2 Kf7 24. Nd1 Rh8 25. Ne3 Ng7 26. Rf2 Rdf8 27. Kf1 Ke8 28.
Ke2 Ne6 29. Kd1 Rf7 30. Kc1 Kd8 31. Kb2 Rhf8 32. Rbf1 Kc7 33. Ka2 Kb8 34. g3
Qd8 35. Qb4 Ka8 36. Bd3 Qc7 37. Ng2 Qd8 38. Rb2 Qc7 39. Nh4 Rg7 40. h3 Rff7 41.
g4 hxg4 42. hxg4 Nf8 43. gxf5 Bxf5 44. Nxf5 gxf5 45. Rf3 Ne6 46. Rh2 Rf8 47.
Rh6 Qe7 48. Qb2 1/2-1/2

[Event "NED-ch 1988"]
[Site "Hilversum"]
[Date "1988.??.??"]
[Round "?"]
[White "Pieterse, Gert"]
[Black "Van der Sterren, Paul"]
[Result "1/2-1/2"]
[WhiteElo "2400"]
[BlackElo "2470"]
[PlyCount "124"]
[EventDate "1988.06.??"]
[Source "ChessBase"]
[SourceDate "1996.11.15"]

1. d4 d5 2. c4 dxc4 3. e3 Nf6 4. Bxc4 e6 5. Nf3 c5 6. O-O a6 7. dxc5 Bxc5 8.
Qe2 Qc7 9. b3 b5 10. Bd3 Bb7 11. Bb2 Nbd7 12. Rc1 Qd6 13. Rd1 Qe7 14. a4 e5 15.
Bf5 bxa4 16. bxa4 e4 17. Ng5 h6 18. Bxd7+ Nxd7 19. Nh3 O-O 20. Nd2 Ne5 21. Nb3
Bb4 22. Nf4 Rfd8 23. Qh5 Nd3 24. Nxd3 Rxd3 25. Nd4 Qg5 26. Qxg5 hxg5 27. Nc2
Ba5 28. Ne1 Rxd1 29. Rxd1 Bc6 30. Ra1 Bxe1 31. Rxe1 Bxa4 32. Bc3 Bc2 33. Ra1
Bd3 34. f3 Rc8 35. Ra3 f6 36. Kf2 Kf7 37. Ke1 Rh8 38. Kf2 Rxh2 39. Kg3 exf3 40.
gxf3 Re2 41. Bxf6 gxf6 42. Rxd3 Ra2 43. f4 gxf4+ 44. Kxf4 a5 45. Rd6 a4 46. Ra6
a3 47. Kf5 Rf2+ 48. Ke4 a2 49. Kd3 Kg6 50. Ra5 f5 51. Ra6+ Kg5 52. Ra4 Kf6 53.
Ra6+ Ke5 54. Ra5+ Kd6 55. Kc4 Kc6 56. Ra6+ Kb7 57. Ra5 Kb6 58. Ra8 Rh2 59. Ra3
Rc2+ 60. Kb3 Re2 61. Rxa2 Rxe3+ 62. Kc4 Kc6 1/2-1/2

[Event "NED-ch 1988"]
[Site "Hilversum"]
[Date "1988.??.??"]
[Round "?"]
[White "Pieterse, Gert"]
[Black "Van der Wiel, John"]
[Result "0-1"]
[WhiteElo "2400"]
[BlackElo "2555"]
[PlyCount "84"]
[EventDate "1988.06.??"]
[Source "ChessBase"]
[SourceDate "1996.11.15"]

1. d4 Nf6 2. c4 e6 3. Nc3 Bb4 4. a3 Bxc3+ 5. bxc3 d6 6. e3 e5 7. Ne2 O-O 8. Ng3
Re8 9. f3 c5 10. e4 Qa5 11. Bd2 h6 12. Bd3 Nc6 13. d5 Ne7 14. O-O Ng6 15. Nf5
Bxf5 16. exf5 Nf4 17. Bc2 Qa6 18. g3 Nh3+ 19. Kg2 Ng5 20. h4 Ngh7 21. Ba4 Qxc4
22. Bxe8 Rxe8 23. Re1 Qxd5 24. Be3 Qc6 25. c4 d5 26. cxd5 Nxd5 27. Rc1 b6 28.
Rc2 Nhf6 29. Bc1 c4 30. g4 Nxg4 31. Re4 Ngf6 32. Rexc4 Qd7 33. Qh1 Qxf5 34. Qh3
Qd3 35. Rc8 Kh7 36. Kh2 Rxc8 37. Rxc8 e4 38. fxe4 Qxe4 39. Qg3 Ne7 40. Rc3 Ng4+
41. Kg1 Nf5 42. Qd3 Qe1+ 0-1

[Event "NED-ch 1988"]
[Site "Hilversum"]
[Date "1988.??.??"]
[Round "?"]
[White "Piket, Jeroen"]
[Black "Cuijpers, Frans"]
[Result "1-0"]
[WhiteElo "2470"]
[BlackElo "2420"]
[PlyCount "67"]
[EventDate "1988.06.??"]
[Source "ChessBase"]
[SourceDate "1996.11.15"]

1. d4 d5 2. Nf3 Nf6 3. c4 c6 4. Nc3 dxc4 5. a4 Bf5 6. Ne5 e6 7. f3 Bb4 8. Bg5
h6 9. Bh4 c5 10. dxc5 Qa5 11. Qd4 Nc6 12. Nxc6 bxc6 13. e4 Bg6 14. Qxc4 Nd7 15.
Bf2 Rb8 16. O-O-O Bxc5 17. Bg3 e5 18. Kc2 Rb7 19. Qa6 Qb4 20. Bb5 Rc7 21. Bxc6
Bd4 22. Qb5 Qxb5 23. axb5 Kd8 24. Rxd4 exd4 25. Bxc7+ Kxc7 26. Nd5+ Kd6 27.
Bxd7 Kxd7 28. Ra1 Kd6 29. Rxa7 Kc5 30. b6 f5 31. b4+ Kd6 32. Kd3 fxe4+ 33. fxe4
Re8 34. Re7 1-0

[Event "NED-ch 1988"]
[Site "Hilversum"]
[Date "1988.??.??"]
[Round "?"]
[White "Piket, Jeroen"]
[Black "Douven, Rudy"]
[Result "0-1"]
[WhiteElo "2470"]
[BlackElo "2410"]
[PlyCount "86"]
[EventDate "1988.06.??"]
[Source "ChessBase"]
[SourceDate "1996.11.15"]

1. d4 Nf6 2. Nf3 g6 3. c4 Bg7 4. Nc3 O-O 5. e4 d6 6. Be2 e5 7. O-O Nc6 8. d5
Ne7 9. Ne1 Nd7 10. Be3 f5 11. f3 f4 12. Bf2 g5 13. Nb5 b6 14. b4 a6 15. Nc3 Ng6
16. Nd3 Rf7 17. a4 Bf8 18. a5 bxa5 19. Rxa5 Rb8 20. c5 Nf6 21. b5 axb5 22. Nb4
Bd7 23. c6 Bc8 24. Ra7 h5 25. Na6 Bxa6 26. Rxa6 b4 27. Nb5 g4 28. Qa4 g3 29.
Ba7 gxh2+ 30. Kh1 Rc8 31. Bf2 h4 32. Kxh2 Nh5 33. Qxb4 Ng3 34. Qe1 Qg5 35. Rg1
Rh7 36. Bf1 Re8 37. Nc3 Ree7 38. Ne2 Rh6 39. Ra8 Reh7 40. Kh3 Nxe2 41. Bxe2
Qg3+ 42. Bxg3 hxg3+ 43. Kg4 Ne7 0-1

[Event "NED-ch 1988"]
[Site "Hilversum"]
[Date "1988.??.??"]
[Round "?"]
[White "Piket, Jeroen"]
[Black "Ligterink, Gert"]
[Result "1/2-1/2"]
[WhiteElo "2470"]
[BlackElo "2455"]
[PlyCount "40"]
[EventDate "1988.06.??"]
[Source "ChessBase"]
[SourceDate "1996.11.15"]

1. d4 Nf6 2. Nf3 e6 3. c4 Bb4+ 4. Nbd2 O-O 5. a3 Bxd2+ 6. Qxd2 b6 7. Qc2 Bb7 8.
Bg5 c5 9. Rd1 cxd4 10. Nxd4 d5 11. cxd5 Qxd5 12. Bxf6 gxf6 13. h4 Rc8 14. Qd3
Nc6 15. Qg3+ Kh8 16. Qf4 Qa5+ 17. b4 Qe5 18. Qxe5 Nxe5 19. Rh3 a5 20. bxa5 Rxa5
1/2-1/2

[Event "NED-ch 1988"]
[Site "Hilversum"]
[Date "1988.??.??"]
[Round "?"]
[White "Piket, Jeroen"]
[Black "Pieterse, Gert"]
[Result "1-0"]
[WhiteElo "2470"]
[BlackElo "2400"]
[PlyCount "85"]
[EventDate "1988.06.??"]
[Source "ChessBase"]
[SourceDate "1996.11.15"]

1. d4 Nf6 2. Nf3 g6 3. c4 Bg7 4. Nc3 O-O 5. e4 d6 6. Be2 e5 7. O-O Nc6 8. d5
Ne7 9. Ne1 Nd7 10. Be3 f5 11. f3 f4 12. Bf2 g5 13. b4 Nf6 14. c5 Ng6 15. cxd6
cxd6 16. Rc1 Rf7 17. a4 h5 18. a5 g4 19. Nb5 b6 20. Nxa7 Rfxa7 21. Bxb6 Qe7 22.
Bxa7 Qxa7+ 23. Kh1 Bd7 24. Rc6 Bxc6 25. dxc6 Qc7 26. b5 Rxa5 27. Qb3+ Kh7 28.
fxg4 hxg4 29. b6 Qxc6 30. b7 Nd7 31. Bxg4 Nb8 32. Nf3 Kh6 33. Nd2 Bf6 34. Qf7
d5 35. Bf5 Bg7 36. exd5 Rxd5 37. Be4 Rd7 38. Qe8 Qa6 39. Qxb8 Rxd2 40. Rg1 Qb6
41. Qc8 Rd8 42. b8=Q Qxb8 43. Qh3+ 1-0

[Event "NED-ch 1988"]
[Site "Hilversum"]
[Date "1988.??.??"]
[Round "?"]
[White "Van der Sterren, Paul"]
[Black "Bosboom, Manuel"]
[Result "1/2-1/2"]
[WhiteElo "2470"]
[BlackElo "2355"]
[PlyCount "48"]
[EventDate "1988.06.??"]
[Source "ChessBase"]
[SourceDate "1996.11.15"]

1. Nf3 Nf6 2. c4 g6 3. d4 Bg7 4. Nc3 O-O 5. e4 d6 6. Be2 e5 7. O-O Nbd7 8. Re1
exd4 9. Nxd4 c6 10. Be3 Re8 11. Qc2 a5 12. Rad1 a4 13. f3 Qa5 14. Bf1 Nc5 15.
Bf4 Bf8 16. b3 Nfd7 17. Rb1 axb3 18. axb3 Qb4 19. Bd2 Qb6 20. Be3 Qb4 21. Bd2
Qb6 22. Be3 Qb4 23. Ncb5 Na6 24. Nc3 Nac5 1/2-1/2

[Event "NED-ch 1988"]
[Site "Hilversum"]
[Date "1988.??.??"]
[Round "?"]
[White "Van der Sterren, Paul"]
[Black "Douven, Rudy"]
[Result "1/2-1/2"]
[WhiteElo "2470"]
[BlackElo "2410"]
[PlyCount "61"]
[EventDate "1988.06.??"]
[Source "ChessBase"]
[SourceDate "1996.11.15"]

1. d4 Nf6 2. Nf3 g6 3. Nc3 d5 4. Bf4 Bg7 5. e3 O-O 6. Be2 c6 7. Ne5 Nbd7 8. O-O
Ne8 9. Nxd7 Bxd7 10. Bd3 Bc8 11. Qd2 Nd6 12. Rad1 Bf5 13. Bxd6 Qxd6 14. Bxf5
gxf5 15. Ne2 e6 16. Nf4 Bh6 17. Nd3 b6 18. f4 c5 19. dxc5 bxc5 20. c4 Bg7 21.
Qe2 Rfd8 22. Rfe1 a5 23. Qc2 a4 24. b3 axb3 25. axb3 dxc4 26. Qxc4 Rdc8 27. h3
Qc6 28. Re2 Qe4 29. Rc1 Bf8 30. Ne5 Rab8 31. Nd7 1/2-1/2

[Event "NED-ch 1988"]
[Site "Hilversum"]
[Date "1988.??.??"]
[Round "?"]
[White "Van der Sterren, Paul"]
[Black "Ligterink, Gert"]
[Result "1/2-1/2"]
[WhiteElo "2470"]
[BlackElo "2455"]
[PlyCount "192"]
[EventDate "1988.06.??"]
[Source "ChessBase"]
[SourceDate "1996.11.15"]

1. d4 Nf6 2. c4 e6 3. Nf3 Bb4+ 4. Bd2 Qe7 5. g3 Nc6 6. Nc3 d5 7. cxd5 exd5 8.
Bg2 O-O 9. O-O Rd8 10. Bg5 Bg4 11. Rc1 h6 12. Bxf6 Qxf6 13. Qb3 Bxc3 14. bxc3
Rab8 15. Rfe1 Na5 16. Qa4 Nc4 17. Qxa7 Bxf3 18. Bxf3 Qc6 19. Qc5 Qxc5 20. dxc5
c6 21. Red1 Ra8 22. e4 Rxa2 23. exd5 Nd2 24. Bg2 cxd5 25. c4 Nb3 26. Rc3 Nxc5
27. Bxd5 Rd7 28. Rf3 Rb2 29. Bxf7+ Kh7 30. Rxd7 Nxd7 31. Rf5 b6 32. h4 g6 33.
Rd5 Nf6 34. Rb5 Rxb5 35. cxb5 Kg7 36. Bc4 g5 37. Kg2 Ne4 38. Bd3 Nc5 39. Bc4
gxh4 40. gxh4 Kg6 41. Be2 Ne6 42. Kg3 Nd4 43. Bd3+ Kf6 44. Kf4 Ne6+ 45. Ke4
Nc5+ 46. Kd4 Ne6+ 47. Ke4 Nc5+ 48. Ke3 Ke5 49. f4+ Kf6 50. Bc2 Ne6 51. Ke4 Nc7
52. Bd3 Ne6 53. Bc2 Nc7 54. Bd3 Ne6 55. Bf1 Nc5+ 56. Ke3 Ne6 57. Ke4 Nc5+ 58.
Ke3 Ne6 59. Bh3 Nc7 60. Bd7 Ke7 61. Bc6 Kf6 62. Kf3 Ne6 63. Bd7 Nc5 64. Bc8 Na4
65. Bh3 Nc3 66. Bf1 Na4 67. Ke3 Nc5 68. Bh3 Nb7 69. Kf3 Nd6 70. Bd7 Ke7 71. Bc6
Kf6 72. Kg4 Nf5 73. Bd7 Ne3+ 74. Kh5 Kg7 75. Be6 Kf6 76. Bh3 Kg7 77. Bc8 Nd5
78. Kg4 Kf6 79. Bb7 Ne3+ 80. Kh5 Kg7 81. Be4 Nc4 82. Bd3 Ne3 83. Bb1 Nd5 84.
Kg4 Kf6 85. Be4 Nc7 86. Bc6 Ne6 87. Kf3 Nc5 88. Ke3 Kf5 89. Bg2 Kf6 90. Bf3 Kf5
91. Bd1 Kf6 92. Bg4 Nb7 93. Kd4 Nd6 94. Be2 Kf5 95. Kd5 Nxb5 96. Bxb5 Kxf4
1/2-1/2

[Event "NED-ch 1988"]
[Site "Hilversum"]
[Date "1988.??.??"]
[Round "?"]
[White "Van der Sterren, Paul"]
[Black "Piket, Jeroen"]
[Result "1/2-1/2"]
[WhiteElo "2470"]
[BlackElo "2470"]
[PlyCount "37"]
[EventDate "1988.06.??"]
[Source "ChessBase"]
[SourceDate "1996.11.15"]

1. d4 Nf6 2. c4 e6 3. g3 d5 4. Bg2 dxc4 5. Nf3 Bd7 6. Ne5 Bc6 7. Nxc6 Nxc6 8.
e3 Qd7 9. O-O Rb8 10. Qe2 h5 11. Qxc4 h4 12. Nc3 hxg3 13. hxg3 Bd6 14. Bd2 Kf8
15. Rfd1 e5 16. d5 Ne7 17. Rac1 b5 18. Qe2 b4 19. Ne4 1/2-1/2

[Event "NED-ch 1988"]
[Site "Hilversum"]
[Date "1988.??.??"]
[Round "?"]
[White "Van der Sterren, Paul"]
[Black "Van der Wiel, John"]
[Result "1-0"]
[WhiteElo "2470"]
[BlackElo "2555"]
[PlyCount "163"]
[EventDate "1988.06.??"]
[Source "ChessBase"]
[SourceDate "1996.11.15"]

1. d4 Nf6 2. c4 e6 3. Nf3 b6 4. g3 Ba6 5. b3 d5 6. Bg2 dxc4 7. Ne5 Bb4+ 8. Kf1
Nfd7 9. Nxc4 c6 10. Bb2 b5 11. Ncd2 O-O 12. Qc2 Bb7 13. Nc3 Qb6 14. a3 Be7 15.
a4 Na6 16. a5 Nb4 17. axb6 Nxc2 18. Rxa7 Rxa7 19. bxa7 Nxd4 20. e3 b4 21. exd4
bxc3 22. Bxc3 Ra8 23. Nc4 Rxa7 24. Na5 Nf6 25. Ke2 Nd5 26. Bxd5 cxd5 27. Nxb7
Rxb7 28. b4 Kf8 29. Kd3 Ke8 30. Ra1 Kd7 31. Kc2 g5 32. g4 Bd6 33. Kb3 f6 34. h4
gxh4 35. Rh1 Kc6 36. Rxh4 Rf7 37. Rh6 Bf8 38. Rh1 f5 39. g5 f4 40. Re1 Kd7 41.
b5 Bd6 42. Ra1 Rf5 43. Ra7+ Kc8 44. Rg7 f3 45. Bb4 Bf4 46. b6 Rxg5 47. Rf7 Rf5
48. Rxh7 Rf6 49. Re7 e5 50. b7+ Kb8 51. dxe5 Rb6 52. Kc3 d4+ 53. Kc4 d3 54.
Bd6+ Rxd6 55. exd6 d2 56. d7 d1=Q 57. Re8+ Kxb7 58. d8=Q Qc2+ 59. Kd4 Qa4+ 60.
Kd3 Bd6 61. Qc8+ Kb6 62. Re3 Qa2 63. Ke4 Qb1+ 64. Kd5 Qd1+ 65. Ke4 Qb1+ 66.
Kxf3 Qh1+ 67. Kg4 Qg2+ 68. Kh5 Qh1+ 69. Qh3 Qd5+ 70. Kg6 Qg8+ 71. Kf6 Qf8+ 72.
Ke6 Bb4 73. Qf3 Qg8+ 74. Kf5 Ka7 75. Rd3 Qc8+ 76. Kg6 Qe6+ 77. Kh5 Bc5 78. Kh4
Be7+ 79. Kg3 Bd6+ 80. Kg2 Qg8+ 81. Kf1 Qc4 82. Qd5 1-0